00518 2200205 4500001002100000005001500021035002000036007000300056008004100059020001800100082001000118084001700128100001700145245004500162260003600207300002800243650001500271504001600286990001000302INLIS00000000000189120250125122323 a0010-0125000137ta250125 g 1 ind  a979-408-356-3 aF/813 aF/813 DJU s0 aDjumri Obeng1 aSuku Dayak :bSuku Dayak /cDjumri Obeng aJakarta :bBalai Pustaka,c1995 a38 hlm :bilus ;c20 cm 4aSuku Dayak aBibliografi a03619